| 000 | 00524nam a2200181Ia 4500 | ||
|---|---|---|---|
| 008 | 090123s9999 xx 000 0 und d | ||
| 082 | _b10679 | ||
| 100 | _aभाजेकर आशा | ||
| 245 | _aअदृश्य जिमी | ||
| 250 | _a0 | ||
| 260 |
_bसंजय प्रकाशन _c1982 |
||
| 300 | _a66 | ||
| 600 | _aभाजेकर आशा | ||
| 630 | _aअदृश्य जिमी | ||
| 700 | _aभाजेकर आशा | ||
| 730 | _aअदृश्य जिमी | ||
| 942 | _cBOOK | ||
| 999 |
_c48745 _d48745 |
||